000 00224nam a2200097Ia 4500
008 240331s9999 xx 000 0 und d
082 _bIVA
100 _aIvan, V
245 0 _aSri Lanka in crisis :
_broad to conflict
942 _cL
999 _c2390
_d2390